| 000 | 00748cam a2200205 4500 | ||
|---|---|---|---|
| 001 | WB3541-06 | ||
| 008 | 000000n1999 000 0 eng u | ||
| 035 | _a(Sirsi) u100597 | ||
| 245 | _aLimerick's transformation | ||
| 260 | _c1999 | ||
| 490 |
_aIrish Times - Commercial Property _v20 October 1999, 6(1) |
||
| 520 | _a50 acres of land in Limerick city is to be eligible for tax incentives under the Urban Renewal Scheme 1999. It is hoped the designations will lead to £200m of investment and 1,800 jobs. | ||
| 590 | _aWB | ||
| 650 | _aLIMERICK | ||
| 650 | _aTAX INCENTIVES | ||
| 650 | _aIRELAND | ||
| 650 | _aURBAN RENEWAL SCHEME 1999 | ||
| 690 | _aPROPERTY-COMMERCIAL PROPERTY-COMMERCIAL PROPERTY FINANCE AND INVESTMENT | ||
| 942 | _n0 | ||
| 999 |
_c60183 _d60183 |
||